| 000 | 02336nam a2200265Ia 4500 | ||
|---|---|---|---|
| 999 |
_c52492 _d52492 |
||
| 001 | 19515 | ||
| 003 | GE_BSU | ||
| 005 | 20210330134218.0 | ||
| 008 | 181216s2016||||ge |||||||||||||| ||geo|| | ||
| 040 | _cGE_BSU | ||
| 041 | _ageo | ||
| 080 | _a57 ქ-78 | ||
| 100 |
_aქოიავა, თეა _910843 |
||
| 245 |
_aაჭარაში გავრცელებული ნოზოკომიური ინფექციების გამომწვევების გამოყოფა, იდენტიფიკაცია და ანტიბიოტიკორეზისტენტობის პროფილის შესწავლა / _cთეა, ქოიავა; სამეცნიერო ხელმძღვანელი ლეილა, ახვლედიანი; მარინა, თედიაშვილი; ბათუმის შოთა რუსთაველის სახელწიფო უნ–ტი; საბუნებისმეტყველო მეცნიერებათა და ჯანდაცვის ფაკულტ.ბიოლოგიის დეპარტამენტი. |
||
| 250 | _aსაბუნებისმეტყველო მეცნიერებათა და ჯანდაცვის ფაკულტ.ბიოლოგიის დეპარტამენტი. | ||
| 264 |
_aბათუმი, _c2016. |
||
| 300 |
_a132 გვ.; _b30 სმ. |
||
| 653 | _aბიოლოგია | ||
| 653 | _aდისერტაცია | ||
| 653 | _aმიკრობიოლოგია | ||
| 653 | _aაჭარაში გავრცელებული ნოზოკომიური ინფექციების გამომწვევების გამოყოფა, იდენტიფიკაცია და ანტიბიოტიკორეზისტენტობის პროფილის შესწავლა | ||
| 700 |
_aახვლედიანი, ლეილა _eსამეცნიერო ხელმძღვანელი _99938 |
||
| 700 |
_aთედიაშვილი, მარინა _eსამეცნიერო ხელმძღვანელი _910844 |
||
| 942 |
_cBK _2udc |
||